00658nam a2200169 a 450000100100000000500170001000800410002704000250006810000390009324500730013225000110020526000520021630000210026858600770028995201050036699900170047100003652420200930075759.0120119s1968 es 000 0 spa d aDO-SdBNPbspacBNPHU1 aXimenez de Sandoval, Felipe91933510aCristobal Colón :bevocación del almirante de la mar oceána /. a4a ed. aMadrid :bEdiciones Cultura Hispánica,c1968. a318 p. ;c24 cm. aPremio Virgen del Carmen 1954 de la Presidencia del Consejo de Ministros 001050718MOaGRbGRcCTd2012-01-19iLF1l0o p36525-10r2020-06-25w2020-06-25y1ZNo se presta c36015d36015